| 000 | 01552cam a22003494a 4500 | ||
|---|---|---|---|
| 001 | 13981410 | ||
| 005 | 20070717173420.0 | ||
| 008 | 050525s2007 flua b 001 0 eng | ||
| 010 | _a2005050219 | ||
| 015 |
_aGBA533544 _2bnb |
||
| 016 | 7 |
_a013180155 _2Uk |
|
| 020 | _a0849320712 (alk. paper) | ||
| 020 | _a9780849320712 (alk. paper) | ||
| 035 | _a(OCoLC)ocm60543325 | ||
| 035 | _a(OCoLC)60543325 | ||
| 040 |
_aDLC _cDLC _dBAKER _dBTCTA _dC#P _dYDXCP _dYDX _dUKM _dDLC |
||
| 042 | _apcc | ||
| 050 | 0 | 0 |
_aTJ254.5 _b.A56 2007 |
| 082 | 0 | 0 |
_a621.4023 _222 _bANN |
| 100 | 1 |
_aAnnamalai, Kalyan. _95573 |
|
| 245 | 1 | 0 |
_aCombustion Science and Engineering / _cKalyan Annamalai, Ishwar K. Puri. |
| 260 |
_aBoca Raton : _bCRC Press/Taylor & Francis, _cc2007. |
||
| 300 |
_alv, 1121 p. : _bill. ; _c27 cm. |
||
| 440 | 0 |
_aCRC series in computational mechanics and applied analysis _95574 |
|
| 504 | _aIncludes bibliographical references (p. 1069-1084) and index. | ||
| 650 | 0 |
_aCombustion engineering. _95575 |
|
| 700 | 1 |
_aPuri, Ishwar Kanwar, _d1959- _95576 |
|
| 856 | 4 | 2 |
_3Publisher description _uhttp://www.loc.gov/catdir/enhancements/fy0646/2005050219-d.html |
| 942 |
_2ddc _cBB |
||
| 999 |
_c11679 _d11679 |
||